Biggest Cities in the United States in 1980 - Statistics

General Stats
  • This quiz has been taken 21 times
  • The average score is 81 of 100
Answer Stats
Population State City % Correct
7,071,639 NY New York
100%
3,005,072 IL Chicago
95%
1,595,138 TX Houston
95%
164,674 NV Las Vegas
95%
2,966,850 CA Los Angeles
95%
346,865 FL Miami
95%
331,767 NM Albuquerque
90%
425,022 GA Atlanta
90%
345,496 TX Austin
90%
786,775 MD Baltimore
90%
219,419 LA Baton Rouge
90%
562,994 MA Boston
90%
357,870 NY Buffalo
90%
314,447 NC Charlotte
90%
385,457 OH Cincinnati
90%
573,822 OH Cleveland
90%
215,150 CO Colorado Springs
90%
564,871 OH Columbus
90%
169,441 GA Columbus
90%
904,078 TX Dallas
90%
492,365 CO Denver
90%
1,203,339 MI Detroit
90%
385,164 TX Fort Worth
90%
365,048 HI Honolulu
90%
700,807 IN Indianapolis
90%
202,895 MS Jackson
90%
540,920 FL Jacksonville
90%
448,159 MO Kansas City
90%
161,087 KS Kansas City
90%
298,451 KY Louisville
90%
646,356 TN Memphis
90%
636,212 WI Milwaukee
90%
370,951 MN Minneapolis
90%
455,651 TN Nashville
90%
557,515 LA New Orleans
90%
403,213 OK Oklahoma City
90%
1,688,210 PA Philadelphia
90%
789,704 AZ Phoenix
90%
423,939 PA Pittsburgh
90%
366,383 OR Portland
90%
219,214 VA Richmond
90%
275,741 CA Sacramento
90%
270,230 MN Saint Paul
90%
163,033 UT Salt Lake City
90%
678,974 CA San Francisco
90%
629,442 CA San Jose
90%
493,846 WA Seattle
90%
453,085 MO St. Louis
90%
360,919 OK Tulsa
90%
284,413 AL Birmingham
85%
191,003 IA Des Moines
85%
425,259 TX El Paso
85%
177,857 AL Montgomery
85%
329,248 NJ Newark
85%
314,255 NE Omaha
85%
156,804 RI Providence
85%
875,538 CA San Diego
85%
271,523 FL Tampa
85%
638,333 DC Washington
85%
297,272 KS Wichita
85%
217,491 CA Fresno
80%
223,532 NJ Jersey City
80%
204,165 KY Lexington
80%
171,932 NE Lincoln
80%
158,461 AR Little Rock
80%
170,616 WI Madison
80%
241,741 NY Rochester
80%
785,880 TX San Antonio
80%
354,635 OH Toledo
80%
330,537 AZ Tucson
80%
262,199 VA Virginia Beach
80%
237,177 OH Akron
75%
181,843 MI Grand Rapids
75%
175,030 TN Knoxville
75%
361,334 CA Long Beach
75%
200,452 AL Mobile
75%
266,979 VA Norfolk
75%
219,311 CA Anaheim
70%
174,431 AK Anchorage
70%
231,999 TX Corpus Christi
70%
203,371 OH Dayton
70%
339,337 CA Oakland
70%
171,300 WA Spokane
70%
170,105 NY Syracuse
70%
158,501 WA Tacoma
70%
159,565 TN Chattanooga
65%
203,713 CA Santa Ana
65%
205,820 LA Shreveport
65%
238,647 FL St. Petersburg
65%
160,113 TX Arlington
60%
158,588 CO Aurora
60%
172,196 IN Fort Wayne
60%
170,876 CA Riverside
60%
161,799 MA Worcester
60%
159,611 MI Flint
55%
173,979 TX Lubbock
55%
195,351 NY Yonkers
55%
164,160 LA Metairie
45%
170,505 CA Huntington Beach
40%
161,134 MI Warren
40%
No matching quizzes found
Score Distribution
Percent of People with Each Score
Percentile by Number Answered
Your Score History
You have not taken this quiz